| 000 | 00449cam a2200181ua 4500 | ||
|---|---|---|---|
| 020 | _c6.00 | ||
| 041 |
_aeng _h |
||
| 082 |
_a338 _bBOS/NO |
||
| 100 | _aBose, H.N . | ||
| 245 |
_aNotes on industrial economics and managements / _cH.N.Bose. _hTextual Documents |
||
| 250 |
_a1 / _b. |
||
| 260 |
_aBhagalpur : _bUramic publishing home , _c1954. |
||
| 300 | _a183 ; . | ||
| 365 | _a6.00 | ||
| 504 | _a | ||
| 942 | _cBK | ||
| 999 |
_c2133 _d2133 |
||